Chuyển đến nội dung

Исследование статических и динамических характеристик шпиндельных узлов станков при автоматизированном проектировании учебно-методическое пособие для студентов специальности 1-36 01 03 «технологическое оборудование машиностроительного производства»

Изучаются методы моделирования шпиндельных узлов станков при автоматизи-рованном проектировании с использованием программы SPINCH, которая обеспечи-вает исследование статических (линейные перемещения и углы поворота сечений, нагруженность опор) и динамических (собственные частоты, АЧХ, АФЧХ) характе...

Mô tả đầy đủ

Đã lưu trong:
Chi tiết về thư mục
Tác giả chính: Колесников Л. А.
Định dạng: Книга
Ngôn ngữ:Russian
Được phát hành: Минск БНТУ 2017
Truy cập trực tuyến:https://e.lanbook.com/book/247988
https://e.lanbook.com/img/cover/book/247988.jpg
Các nhãn: Thêm thẻ
Không có thẻ, Là người đầu tiên thẻ bản ghi này!
LEADER 02335nam0a2200265 i 4500
001 247988
003 RuSpLAN
005 20221220174200.0
008 221220s2017 ru gs 000 0 rus
020 |a 978-985-550-585-4 
040 |a RuSpLAN 
041 0 |a rus 
044 |a ru 
080 |a 621.9.06-233.1(075.8) 
084 |a 34.63-5я7  |2 rubbk 
245 0 0 |a Исследование статических и динамических характеристик шпиндельных узлов станков при автоматизированном проектировании  |b учебно-методическое пособие для студентов специальности 1-36 01 03 «технологическое оборудование машиностроительного производства»  |c Колесников Л. А. 
260 |a Минск  |b БНТУ  |c 2017 
300 |a 55 с. 
504 |a Библиогр.: доступна в карточке книги, на сайте ЭБС Лань 
520 8 |a Изучаются методы моделирования шпиндельных узлов станков при автоматизи-рованном проектировании с использованием программы SPINCH, которая обеспечи-вает исследование статических (линейные перемещения и углы поворота сечений, нагруженность опор) и динамических (собственные частоты, АЧХ, АФЧХ) характеристик пространственных механических систем, в частности системы «шпин-дель-приспособление-инструмент (заготовка)» металлорежущих станков. Предназначено студентам машиностроительных специальностей высших учебных заведений. 
521 8 |a Книга из коллекции БНТУ - Инженерно-технические науки 
100 1 |a Колесников Л. А. 
856 4 |u https://e.lanbook.com/book/247988 
856 4 8 |u https://e.lanbook.com/img/cover/book/247988.jpg 
953 |a https://e.lanbook.com/img/cover/book/247988.jpg